Cyclisme - Top 30 GC Riders de la saison 2023 (PCS Ranking) - Statistiques

Statistiques générales
  • Ce quiz a été pris 112 fois
  • Le résultat moyen est 24 sur 30
Statistiques - réponses
Rang Nationalité Equipe Coureur % Correct
1 Danemark Jumbo Visma Jonas Vingegaard
100%
2 Slovénie Jumbo Visma Primoz Roglic
100%
8 Slovénie UAE Team Emirates Tadej Pogacar
100%
4 Portugal UAE Team Emirates Joao Almeida
97%
3 Royaume Uni UAE Team Emirates Adam Yates
96%
7 Belgique Soudal Quick Step Remco Evenepoel
96%
9 Royaume Uni Team Jayco AlUla Simon Yates
96%
6 Etats Unis Jumbo Visma Sepp Kuss
95%
17 France Groupama FDJ David Gaudu
94%
11 France Groupama FDJ Thibaut Pinot
94%
19 Australie Ag2r Citroen Team Ben O'Connor
91%
5 Espagne Bahrain Victorious Mikel Landa
88%
24 Autriche Ag2r Citroen Team Felix Gall
86%
20 Etats Unis UAE Team Emirates Brandon McNulty
85%
22 Espagne Ineos Grendiers Carlos Rodriguez
84%
21 Espagne Movistar Team Enric Mas
83%
15 Australie Bora Hansgrohe Jai Hindley
82%
10 Espagne Bahrain Victorious Pello Bilbao
82%
18 Danemark Lild Trek Mattias Skjelmose
81%
26 Slovénie Bahrain Victorious Matej Mohoric
78%
25 Suisse UAE Team Emirates Marc Hirschi
76%
30 Espagne UAE Team Emirates Juan Ayuso
73%
16 Etats Unis Movistar Team Matteo Jorgenson
70%
12 Italie Bahrain Victorious Damiano Caruso
69%
27 Colombie Bahrain Victorious Santiago Buitrago
68%
13 Belgique Soudal Quick Step Ilan Van Wilder
59%
14 Colombie Movistar Team Einer Rubio
54%
29 Australie Bahrain Victious Jack Haig
45%
23 Belgique Bora Hansgrohe Cian Uijtdebroeks
39%
28 Royaume Uni Ineos Grenadiers Tao Geoghegan Hart
33%
Aucun quiz correspondant
Distribution des résultats
% des personnes avec chaque résultat
Percentile par nombre de réponses
Votre historique - résultats
Vous n’avez pas pris ce quiz